| 000 | 00489nam a22001457a 4500 | ||
|---|---|---|---|
| 082 | _aT-32 | ||
| 100 |
_aMuhammad Zafar Amin _948390 |
||
| 245 |
_aA Comparative Study of the bearing capacity from the plate load test and bearing capacity equations for predominantly cohesive soils _cMuhammad Zafar Amin |
||
| 260 |
_aRisalpur _bMCE _c18-3-1996 |
||
| 300 |
_a165p.: _c40cm. |
||
| 526 |
_a0 _b0 _c0 _dT_32 |
||
| 650 |
_aThesis _934811 |
||
| 700 |
_aSyed Muhammad jamil _948391 |
||
| 942 |
_2ddc _cBK |
||
| 999 |
_c551355 _d551355 |
||